Movies Quiz

Random Movies or Cast Quiz

Golden Age of Hollywood (Movie Casts) 11 Quiz Stats

 Plays Quiz not verified by Sporcle

Support Sporcle.
Go Orange.
Score 0/24 Timer 08:00
1 Play Today
% Correct
Mr. Smith Goes to Washington
89%
Who's Afraid of Virginia Woolf
88.3%
To Catch a Thief
86.2%
Splendor in the Grass
84.8%
The Quiet Man
80%
The Postman Always Rings Twice
73.1%
Captains Courageous
70.3%
Pollyanna
69%
The Absent-Minded Professor
69%
Brigadoon
67.6%
The Trouble with Harry
64.8%
The Song of Bernadette
63.4%
% Correct
Sweet Smell of Success
62.8%
My Darling Clementine
62.1%
Cabin in the Sky
53.8%
Room at the Top
51.7%
The Big Heat
51%
Teacher's Pet
49%
Thunder Road
45.5%
A Hole in the Head
43.4%
The Man Who Came to Dinner
43.4%
A Letter to Three Wives
40%
David and Bathsheba
38.6%
Mr. Peabody and the Mermaid
37.2%

You're not logged in!

Compare scores with friends on all Sporcle quizzes.
OR
Log In

From the Vault

NHL Teams

by Derek

If there isn't a team named the 'Zambonis' in the NHL one day, it will be a shame on all of humanity.
Remove Ads.
Support Sporcle.
Get the best of Sporcle when you Go Orange. This ad-free experience offers more features, more stats, and more fun while also helping to support Sporcle. Thank you for becoming a member.

Show Comments

Extras

Top Quizzes Today


Score Distribution

Your Account Isn't Verified!

In order to create a playlist on Sporcle, you need to verify the email address you used during registration. Go to your Sporcle Settings to finish the process.

Report this User

Report this user for behavior that violates our Community Guidelines.

Details: